| 000 | 00999nas a2200325 4500 | ||
|---|---|---|---|
| 001 | BR2013000724 | ||
| 003 | BR-BrBNA | ||
| 005 | 20231205121847.0 | ||
| 007 | ta | ||
| 008 | 230509b bl.|||p| |||| 00| 00por d | ||
| 040 |
_aBR-BrBNA _bpor _cBiblioteca Nacional de Agricultura |
||
| 041 | _a(Pt) | ||
| 072 | _aQ04 | ||
| 100 | 1 | _aCallegaro, M. da G.K. | |
| 100 | 1 | _aDutra, C.B. | |
| 100 | 1 | _aHuber, L.S. | |
| 100 | 1 | _aBecker, L.V. | |
| 100 | 1 | _aRosa, C.S. da | |
| 100 | 1 | _aKubota, E.H. | |
| 100 | 1 | _aHecktheur, L.H. | |
| 245 | 1 | _aDeterminação da fibra alimentar insolúvel, solúvel e total de produtos derivados do milho | |
| 650 | _aZEA MAYS | ||
| 650 | _aMILHO PIPOCA | ||
| 650 | _aFARINHA | ||
| 650 | _aFIBRA BRUTA | ||
| 773 | 0 |
_tCiência e Tecnologia de Alimentos (Brazil) _xISSN 1678-457X _g(Apr-Jun 2005), V. 25 (2) p. 271-274 _wBR2013000724 |
|
| 856 | 4 | 0 | _uhttp://www.scielo.br/pdf/cta/v25n2/25023.pdf |
| 909 |
_a202311 _bLúcia _c55 _dLúcia Elande |
||
| 942 |
_2AGRIS _n0 _cANA |
||
| 999 |
_c225630 _d225630 |
||